| 000 | 01110cam a22002175a 4500 | ||
|---|---|---|---|
| 001 | L139163 | ||
| 008 | 070723s2007 xxk f g 000 0 eng d | ||
| 035 | _a(Sirsi) u139163 | ||
| 041 | 0 | _aeng | |
| 050 | 0 | 4 | _a333.33026 $2 18 |
| 110 | 1 |
_aUnited Kingdom _kLaws, etc _95044 |
|
| 245 | 0 | 0 |
_aConsumers, Estate Agents and Redress Act 2007 _h[electronic resource] |
| 260 |
_aLondon _bOPSI _c2007 |
||
| 520 | _aMakes provision for the establishment of the National Consumer Council, and the abolishment of the consumer bodies it replaces. Requires certain providers to be members of redress schemes in respect of consumer complaints. Enables certain providers to handle consumer complaints. Amends the Estate Agents act 1979. Enables certain contracts concluded away from business premises to be cancelled. | ||
| 590 | _aKA NTK | ||
| 650 | 2 | 4 | _aCONSUMERS, ESTATE AGENTS AND REDRESS ACT 2007 |
| 651 | 4 |
_aUnited Kingdom _y |
|
| 690 | _aMANAGEMENT-BUSINESS MANAGEMENT-PROFESSIONAL PRACTICE | ||
| 856 | 4 | 0 |
_uhttps://www.opsi.gov.uk/acts/acts2007a.htm _zView the item free of charge at www.opsi.gov.uk... |
| 942 | _n0 | ||
| 999 |
_c107281 _d107281 |
||